Statystyki dla Europejskie stolice przybrzeżne

Kliknij tutaj aby rozwiązać quiz!

Ogólne statystyki

  • Ten quiz został rozwiązany 5 927 razy
  • Średni wynik to 9 z 12

Statystyki odpowiedzi

KrajMiasto% Poprawnych
NorwegiaOslo
91%
SzwecjaSztokholm
89%
GrecjaAteny
87%
FinlandiaHelsinki
87%
PortugaliaLizbona
87%
DaniaKopenhaga
83%
ŁotwaRyga
80%
IrlandiaDublin
71%
IslandiaReykjavík
63%
MonakoMonako
59%
MaltaValletta
53%
EstoniaTallinn
47%

Rozkład punktacji

Percentyl według liczby udzielonych odpowiedzi

Procent ludzi z każdym wynikiem

Twoja historia wyników

Nie rozwiązałeś tego quizu